01635cam a2200385 a 4500001001400000003000800014005001700022006001900039007001500058008004100073020003800114040003000152049002600182050002000208082001700228100002600245245006700271250001200338260005100350300004300401490003700444520033800481521001700819588004700836504005100883650003800934650003500972655002901007710001601036776003501052830003801087856008901125942001601214999001901230EDZ0000104447StDuBDS20161031105129.0m||||||||d||||||||cr |||||||||||121017s2013 caua fo| 001|0|eng|d a9781452244112 (ebook) :cNo price aStDuBDSbengcStDuBDSepn aAlfaisal Main Library 0aHQ10b.K37 201304a306.85092231 aKarraker, Meg Wilkes.10aGlobal familiesh[electronic resource] /cMeg Wilkes Karraker. a2nd ed. aLos Angeles, Calif. ;aLondon :bSAGE,cc2013. a1 online resource (xv, 271 p.) :bill.1 aContemporary family perspectives8 a'Global Families' provides family scholars with a methodical introduction to the interdisciplinary field of globalization. It then examines the ways in which globalization impinges on families throughout the world in four major areas: demographic transitions, world-wide culture, international violence, and transnational employment. aSpecialized. aDescription based on print version record. aIncludes bibliographical references and index. 0aFamiliesvCross-cultural studies. 0aGlobalizationxSocial aspects. 7aElectronic books.2local2 aSage eBooks08iPrint version :z9781412998635 0aContemporary family perspectives.40uhttp://ezproxy.alfaisal.edu/login?url=http://sk.sagepub.com/books/global-families-2e 2lcccEBOOKS c479967d479967